Sports Quiz

Random Sports or NCAA Quiz

Arkansas Razorbacks A-Z Quiz Stats

 Plays Quiz not verified by Sporcle

Challenge
Share
Tweet
Score 0/25 Timer 10:00
0 Plays Today
% Correct
Felix Jones
92.2%
Darren McFadden
90.2%
John Daly
82.4%
Nolan Richardson
82.4%
Bret Bielema
74.5%
Lou Holtz
74.5%
Michael Qualls
70.6%
Cliff Lee
68.6%
Houston Nutt
64.7%
Tusk II
60.8%
Dave Van Horn
51%
Tyson Gay
49%
Dallas Keuchel
49%
% Correct
Sonny Weems
39.2%
Jason Peters
33.3%
Joe Ferguson
29.4%
Matt Zimmerman
29.4%
Barry Switzer
25.5%
Lance Alworth
17.6%
Tony Ugoh
17.6%
Veronica Campbell-Brown
9.8%
Amy Yoder Begley
5.9%
Taylor Ellis-Watson
3.9%
Mike Oquist
2%
Ethan Tracy
2%

You're not logged in!

Compare scores with friends on all Sporcle quizzes.
OR
Log In

You Might Also Like...

Show Comments

Extras

Top Quizzes Today


Score Distribution

Your Account Isn't Verified!

In order to create a playlist on Sporcle, you need to verify the email address you used during registration. Go to your Sporcle Settings to finish the process.

Report this User

Report this user for behavior that violates our Community Guidelines.

Details: